Modern theories of drama (Record no. 2483)

MARC details
000 -LEADER
fixed length control field 00428 a2200169 4500
001 - CONTROL NUMBER
control field 068835
003 - CONTROL NUMBER IDENTIFIER
control field OSt
005 - DATE AND TIME OF LATEST TRANSACTION
control field 20220326110959.0
008 - FIXED-LENGTH DATA ELEMENTS--GENERAL INFORMATION
fixed length control field
082 ## - DEWEY DECIMAL CLASSIFICATION NUMBER
Classification number 809.2
Item number M72M
100 1# - MAIN ENTRY--PERSONAL NAME
Personal name Brandt, George W.
245 1# - TITLE STATEMENT
Title Modern theories of drama
Statement of responsibility, etc by George W. Brandt
260 ## - PUBLICATION, DISTRIBUTION, ETC. (IMPRINT)
Place of publication, distribution, etc New Delhi
Name of publisher, distributor, etc Oxfrod University Press
Date of publication, distribution, etc 1998
300 ## - PHYSICAL DESCRIPTION
Extent 334p.
653 ## - INDEX TERM--UNCONTROLLED
Uncontrolled term Theater; Drama
942 ## - ADDED ENTRY ELEMENTS (KOHA)
Source of classification or shelving scheme Dewey Decimal Classification
Koha item type Books
Holdings
Withdrawn status Lost status Source of classification or shelving scheme Damaged status Not for loan Collection code Home library Current library Date acquired Source of acquisition Cost, normal purchase price Total Checkouts Full call number Barcode Date last seen Price effective from Koha item type
    Dewey Decimal Classification     General Text Book Central University Of Rajasthan Central University Of Rajasthan 07/03/2012 ENG 3041.35   809.2 M72M 3122 21/11/2024 02/09/2020 Books